000 00447nam a2200181Ia 4500
005 20240823060315.0
008 240823s9999||||xx |||||||||||||| ||und||
041 _aENGLISH
082 _A5.133
100 _aEdwin Dayanand I
245 0 _aComputer Programming and Applications
250 _a1st
260 _bM V Publica
500 _aTRANSFERED
650 _aComputer Programming
_bInformation Technology
942 _cBK
999 _c230816
_d230816